000 01005nam a2200313 a 4500
001 24970
003 CO-ViMGA
008 141112s2004 ck r 000 u spa d
020 _a9789589159699
040 _aCO-ViMGA
_bspa
_cCO-ViMGA
041 _aSPA
090 _aC JAY3
100 1 _aJay, Franþoise
_937712
245 1 0 _aEl pincel mágico /
_cun cuento chino de Hong Xuntao ; adaptado por Francoise Jay e ilustrado por Zhong Jie
250 _a1a ed.
260 _aBogotá :
_bJuventud,
_c2012
300 _a48 p. : il. col.
500 _aTítulo original : Le pinceau magique
650 1 4 _aCODICIA - CUENTO
_937713
650 1 4 _aCUENTOS POPULARES CHINOS - ADAPTACIONES
_937714
650 1 4 _aDESDE LOS 6 AÑOS
_92351
650 1 4 _aGENEROSIDAD - CUENTO
_937715
650 1 4 _aMAGIA - CUENTO
_937716
650 1 4 _aOBJETOS MAGICOS - CUENTO
_937717
650 1 4 _aPINTURA - CUENTO
_937718
700 1 _aFarran, Teresa, NULL - NULL
_937719
700 1 _aJie, Zhong
_937720
942 _2ddc
_cBK
999 _c2573
_d2573